Hai Bà Trưng trong văn hóa Việt Nam

Shranjeno v:
Bibliografske podrobnosti
Glavni avtor: Nguyễn, Bích Ngọc
Format: Knjiga
Jezik:Undetermined
Izdano: Hà Nội Văn hóa Thông tin 2005
Teme:
Oznake: Označite
Brez oznak, prvi označite!
Thư viện lưu trữ: Trung tâm Học liệu Trường Đại học Cần Thơ
LEADER 00567nam a2200193Ia 4500
001 CTU_101126
008 210402s9999 xx 000 0 und d
020 |c 37000 
082 |a 895.9223081 
082 |b Ng419 
100 |a Nguyễn, Bích Ngọc 
245 0 |a Hai Bà Trưng trong văn hóa Việt Nam 
245 0 |c Nguyễn Bích Ngọc 
260 |a Hà Nội 
260 |b Văn hóa Thông tin 
260 |c 2005 
650 |a Historical fiction, vietnamese 
904 |i Tuyến 
980 |a Trung tâm Học liệu Trường Đại học Cần Thơ